All'Appendice al Vocabolario italiano della lingua parlata compilato da G. Rigutini

Gespeichert in:
Bibliographische Detailangaben
1. Verfasser: Cerquetti, Alfonso.
Format: Buch
Sprache:Italienisch
Erschienen: Milano Carrara 1877
Katalog:EDISCO:  Suchergebnis im Bibliothekskatalog
Schulbuchspezifische Eigenschaften:
Tags: Tag hinzufügen
Keine Tags, Fügen Sie den ersten Tag hinzu!
Hinzugefügt zu:30.04.2016
Geändert in:18.10.2017

MARC

LEADER 00000aam a22000007 4500
001 07693
003 OSt
005 20171018100202.0
008 160501s1877 it 000 0 ita
040 |c Gianfranco Bandini - Firenze - CLIO 
041 1 |a ita 
100 1 |a Cerquetti, Alfonso. 
245 0 0 |a All'Appendice al Vocabolario italiano della lingua parlata compilato da G. Rigutini 
260 |a Milano  |b Carrara  |c 1877 
300 |a , 1/x ;  
901 |a 7 
942 |2 ddc  |c BK 
546 |a ita 
999 |c 7682  |d 7682 
999 |c edisco:7682  |d 7682